000 00280nam a22001337a 4500
008 171031b xxu||||| |||| 00| 0 eng d
020 _a9780071782401
041 _aeng
080 _a33
100 _a59
101 _aBUS
245 _aBAD PRODUCTS
_cADAMS,J.L
942 _2udc
_cBK
999 _c36915
_d36915